| 000 | 00597nam a2200217Ia 4500 | ||
|---|---|---|---|
| 003 | GCL | ||
| 008 | 140319s9999 xx 000 0 eng d | ||
| 040 |
_aGCL / _cGCL |
||
| 082 | 0 | 4 |
_a709.32 _bD A |
| 100 | 1 | _aD'AVENNES, E. PRISSE | |
| 245 | 1 | 0 |
_aATLAS OF EGYPTIAN ART / _cD'AVENNES, E. PRISSE |
| 700 | 1 | _aRAVEN, MAARTEN | |
| 700 | 1 | _aKAPER, OLAF E. | |
| 260 |
_aالقاهرة : _bTHE AMERICAN UNIVERSITY IN CAIRO PRESS ، _c1991 |
||
| 300 |
_a96 P: _bILL ؛ _c30 cm. |
||
| 650 | 0 | 4 | _aART - EGYPT |
| 650 | 0 | 4 | _aANCIENT EGYPTIAN ART |
| 650 | 0 | 4 | _aARTS |
| 650 | 0 | 4 | _aATLAS |
| 942 |
_2ddc _cBK |
||
| 999 |
_c14464 _d14464 |
||